[Event "WchT Seniors 65"]
[Site "Krakow"]
[Date "2024.07.04"]
[Round "3.4"]
[White "Scowen, Roger S"]
[Black "Murray, Jim G"]
[Result "1/2-1/2"]
[WhiteElo "1888"]
[BlackElo "1884"]
[PlyCount "61"]
[EventDate "2024.07.02"]
[EventType "team-swiss"]
[EventRounds "9"]
[EventCountry "POL"]
[SourceTitle "CBM 221 Extra"]
[Source "ChessBase"]
[SourceDate "2024.09.30"]
[SourceVersion "1"]
[SourceVersionDate "2024.09.30"]
[SourceQuality "1"]
[WhiteTeam "England 65 IV"]
[BlackTeam "Ireland 65 II"]
[WhiteTeamCountry "ENG"]
[BlackTeamCountry "IRL"]

1. e4 c5 2. Nf3 Nc6 3. d4 cxd4 4. Nxd4 Nf6 5. Nc3 e5 6. Nxc6 bxc6 7. f3 Bb4 8. Bd2 d5 9. Bd3 0-0 10. 0-0 Rb8 11. Rb1 Bc5+ 12. Kh1 Be6 13. b3 Nd7 14. f4 f6 15. f5 Bf7 16. Qg4 Kh8 17. Rf3 Rg8 18. Rh3 g5 19. fxg6 Bxg6 20. Qh4 d4 21. Ne2 Be7 22. Qf2 Nb6 23. Ng3 Qe8 24. Nf5 Bd8 25. a4 Bxf5 26. Qxf5 Qg6 27. Rg3 Qxf5 28. Rxg8+ Kxg8 29. exf5 Kg7 30. g4 Be7 31. Kg2 1/2-1/2

[Event "IRL-ch Seniors 65"]
[Site "Dublin"]
[Date "2024.01.07"]
[Round "6"]
[White "Lohan, Martin"]
[Black "Murray, Jim G"]
[Result "1/2-1/2"]
[WhiteElo "1776"]
[BlackElo "1825"]
[PlyCount "55"]
[EventDate "2024.01.04"]
[EventType "swiss"]
[EventRounds "7"]
[EventCountry "IRL"]
[SourceTitle "CBM 218 Extra"]
[Source "ChessBase"]
[SourceDate "2024.03.31"]
[SourceVersion "1"]
[SourceVersionDate "2024.03.31"]
[SourceQuality "1"]

1. Nf3 d5 2. d3 c6 3. g3 Nf6 4. Bg2 Bf5 5. 0-0 Nbd7 6. Nbd2 e6 7. Re1 Be7 8. e4 dxe4 9. dxe4 Bg4 10. e5 Nd5 11. a3 b5 12. c4 bxc4 13. Nxc4 N7b6 14. Qc2 0-0 15. Na5 c5 16. Nc6 Qc7 17. Nxe7+ Qxe7 18. Ng5 Bf5 19. Be4 h6 20. Bxf5 hxg5 21. Be4 f5 22. exf6 Qxf6 23. Be3 Nxe3 24. Rxe3 Rac8 25. Rf3 Qd4 26. Rd1 Qc4 27. Rc3 Qa4 28. Rd6 1/2-1/2

[Event "WchT Seniors 65"]
[Site "Struga"]
[Date "2023.09.27"]
[Round "8.4"]
[White "Murray, Jim G"]
[Black "Goldman, Astra"]
[Result "0-1"]
[WhiteElo "1836"]
[BlackElo "1997"]
[PlyCount "114"]
[EventDate "2023.09.19"]
[EventType "team-swiss"]
[EventRounds "9"]
[EventCountry "MKD"]
[SourceTitle "CBM 216 Extra"]
[Source "ChessBase"]
[SourceDate "2023.11.30"]
[SourceVersion "1"]
[SourceVersionDate "2023.11.30"]
[SourceQuality "1"]
[WhiteTeam "Ireland 65"]
[BlackTeam "Latvia 65 (W)"]
[WhiteTeamCountry "IRL"]
[BlackTeamCountry "LAT"]

1. d4 Nf6 2. c4 e6 3. g3 d5 4. Bg2 Bb4+ 5. Bd2 c5 6. cxd5 exd5 7. dxc5 Bxc5 8. e3 0-0 9. Nf3 Ne4 10. 0-0 Nc6 11. a3 a6 12. Nc3 Be6 13. Ne2 Qf6 14. Bc3 Nxc3 15. Nxc3 Rfd8 16. Qc1 Ba7 17. h3 Rac8 18. Qe1 d4 19. exd4 Nxd4 20. Nxd4 Bxd4 21. Rc1 Bc4 22. Nd5 Bxd5 23. Rxc8 Rxc8 24. Bxd5 Bxb2 25. Bxb7 Rb8 26. Qe3 Qd6 27. Qf3 Rd8 28. Qc6 Qxc6 29. Bxc6 Bxa3 30. Ra1 Rd3 31. Be4 Rc3 32. Ra2 g6 33. Rc2 Rxc2 34. Bxc2 f5 35. Kg2 Kg7 36. Kf3 Kf6 37. g4 fxg4+ 38. hxg4 Bc5 39. Bb1 Kg5 40. Bd3 a5 41. Bb5 Bxf2 42. Kxf2 Kxg4 43. Kg2 h5 44. Be8 g5 45. Bd7+ Kf4 46. Be8 Kg4 47. Bd7+ Kh4 48. Be8 g4 49. Kh2 Kg5 50. Ba4 h4 51. Bc6 Kf4 52. Ba4 Kf3 53. Bd1+ Kf4 54. Ba4 g3+ 55. Kg1 h3 56. Bd7 h2+ 57. Kg2 Ke3 0-1

[Event "WchT Seniors 65"]
[Site "Struga"]
[Date "2023.09.24"]
[Round "6.4"]
[White "Murray, Jim G"]
[Black "Weinwurm, Wolfgang"]
[Result "0-1"]
[WhiteElo "1836"]
[BlackElo "2065"]
[PlyCount "96"]
[EventDate "2023.09.19"]
[EventType "team-swiss"]
[EventRounds "9"]
[EventCountry "MKD"]
[SourceTitle "CBM 216 Extra"]
[Source "ChessBase"]
[SourceDate "2023.11.30"]
[SourceVersion "1"]
[SourceVersionDate "2023.11.30"]
[SourceQuality "1"]
[WhiteTeam "Ireland 65"]
[BlackTeam "Austria 65"]
[WhiteTeamCountry "IRL"]
[BlackTeamCountry "AUT"]

1. d4 Nf6 2. c4 g6 3. Nc3 d5 4. cxd5 Nxd5 5. e4 Nxc3 6. bxc3 Bg7 7. Bc4 c5 8. Ne2 0-0 9. 0-0 Nc6 10. Be3 Qc7 11. Qc1 b6 12. Rb1 cxd4 13. cxd4 Qd6 14. e5 Qd7 15. Rd1 Na5 16. Bb5 Qd8 17. Bd2 Bf5 18. Rb4 Rc8 19. Qa1 Bc2 20. Re1 Bxe5 21. Bh6 Bg7 22. Bxg7 Kxg7 23. d5+ Kg8 24. Nf4 Qd6 25. a3 Rc5 26. h4 Rxb5 27. Rxb5 Qxf4 28. Qc3 Bf5 29. Rxe7 Rc8 30. Qg3 Qc4 31. Rb4 Qxd5 32. Qe3 Nc6 33. Re8+ Rxe8 34. Qxe8+ Kg7 35. Rb2 Qd1+ 36. Kh2 Qd6+ 37. Kg1 Qxa3 38. Re2 Qc5 39. Re3 h5 40. Qa8 Be6 41. Qb7 Qc1+ 42. Kh2 Qc4 43. Qc7 b5 44. g4 hxg4 45. h5 gxh5 46. Qg3 b4 47. Qh4 Kg6 48. f4 Qxf4+ 0-1

[Event "Bodensee Seniors op 6th"]
[Site "Bregenz"]
[Date "2022.05.23"]
[Round "2"]
[White "Murray, Jim G"]
[Black "Dobosz, Henryk"]
[Result "0-1"]
[WhiteElo "1919"]
[BlackElo "2362"]
[PlyCount "86"]
[EventDate "2022.05.22"]
[EventType "swiss"]
[EventRounds "7"]
[EventCountry "AUT"]
[SourceTitle "CBM 208 Extra"]
[Source "ChessBase"]
[SourceDate "2022.07.31"]
[SourceVersion "1"]
[SourceVersionDate "2022.07.31"]
[SourceQuality "1"]

1. d4 Nf6 2. c4 e6 3. Nf3 b6 4. g3 Ba6 5. Qc2 Bb7 6. Nc3 c5 7. dxc5 bxc5 8. Bg2 Nc6 9. 0-0 Be7 10. a3 0-0 11. Rd1 d6 12. Bf4 Qb8 13. Nb5 Rd8 14. Bg5 a6 15. Nc3 Qc7 16. Rd2 h6 17. Bxf6 Bxf6 18. Rad1 Rab8 19. Ne4 Be7 20. e3 Na5 21. g4 Bc6 22. Ng3 Rb3 23. Ne1 Ba4 24. Qe4 Rdb8 25. Rb1 Bc6 26. Qc2 Ba4 27. Qe4 Qb6 28. Nf5 Bf8 29. Ng3 Rxa3 30. Qf4 Rb3 31. Nd3 Rxd3 32. Rxd3 Bc2 33. Rdd1 Bxd1 34. Rxd1 Qxb2 35. Qe4 Qb3 36. Rc1 Qa3 37. Qc2 Rb2 38. Qc3 Qxc3 39. Rxc3 Rb4 40. Bf1 Nb3 41. Be2 a5 42. Bd1 a4 43. Nf1 g5 0-1

[Event "Porto Mannu op 11th"]
[Site "Porto Mannu"]
[Date "2019.06.07"]
[Round "8"]
[White "Murray, Jim G"]
[Black "Christiansen, Johan Sebastian"]
[Result "0-1"]
[WhiteElo "1857"]
[BlackElo "2571"]
[PlyCount "54"]
[EventDate "2019.06.01"]
[EventType "swiss"]
[EventRounds "9"]
[EventCountry "ITA"]
[SourceTitle "CBM 190 Extra"]
[Source "ChessBase"]
[SourceDate "2019.07.15"]
[SourceVersion "1"]
[SourceVersionDate "2019.07.15"]
[SourceQuality "1"]

1. e4 e5 2. Nf3 Nc6 3. Bb5 f5 4. Nc3 fxe4 5. Nxe4 d5 6. Ng3 Bg4 7. h3 Bxf3 8. Qxf3 Nf6 9. Nh5 a6 10. Bxc6+ bxc6 11. d3 Nd7 12. Bd2 g6 13. Ng3 Qh4 14. 0-0-0 Bg7 15. Rhe1 Rf8 16. Qe2 Rb8 17. b3 Kf7 18. Qg4 Qe7 19. Bg5 Qd6 20. f4 Kg8 21. f5 Qa3+ 22. Kb1 Rb4 23. d4 Ra4 24. Be3 exd4 25. Bxd4 Qxa2+ 26. Kc1 Qa3+ 27. Kb1 Qa1+ 0-1

[Event "WchT Seniors 65"]
[Site "Rhodes"]
[Date "2019.04.24"]
[Round "9.11"]
[White "Van de Wynkele, Herman"]
[Black "Murray, Jim G"]
[Result "1-0"]
[WhiteElo "2129"]
[BlackElo "1845"]
[PlyCount "83"]
[EventDate "2019.04.16"]
[EventType "team-swiss"]
[EventRounds "9"]
[EventCountry "GRE"]
[SourceTitle "CBM 190 Extra"]
[Source "ChessBase"]
[SourceDate "2019.07.15"]
[SourceVersion "1"]
[SourceVersionDate "2019.07.15"]
[SourceQuality "1"]
[WhiteTeam "Belgium"]
[BlackTeam "Ireland II"]
[WhiteTeamCountry "BEL"]
[BlackTeamCountry "IRL"]

1. e4 e6 2. d4 d5 3. Nc3 Bb4 4. a3 Bxc3+ 5. bxc3 dxe4 6. f3 c5 7. Be3 Nc6 8. Qd2 Nf6 9. 0-0-0 Qa5 10. Kb2 0-0 11. fxe4 cxd4 12. cxd4 Qxd2 13. Rxd2 Nxe4 14. Rd1 b6 15. Bd3 Nf6 16. Nf3 h6 17. Rhf1 Bb7 18. h3 Rac8 19. g4 Na5 20. Ne5 Be4 21. Bxh6 Bxd3 22. Rxd3 Nd5 23. Bd2 Nc4+ 24. Nxc4 Rxc4 25. c3 Nf6 26. Re1 Rfc8 27. Rf3 Nd5 28. Ref1 R8c7 29. g5 g6 30. Be1 b5 31. Bg3 Rb7 32. Be5 a5 33. Kb3 Rc6 34. Re1 b4 35. axb4 a4+ 36. Kb2 Nb6 37. Bf6 Nc4+ 38. Ka2 Nd2 39. Rd3 Nc4 40. Re4 Kf8 41. d5 Rc8 42. Rh4 1-0

[Event "WchT Seniors 65"]
[Site "Rhodes"]
[Date "2019.04.16"]
[Round "1.10"]
[White "Halldorsson, Bragi"]
[Black "Murray, Jim G"]
[Result "1-0"]
[WhiteElo "2112"]
[BlackElo "1845"]
[PlyCount "123"]
[EventDate "2019.04.16"]
[EventType "team-swiss"]
[EventRounds "9"]
[EventCountry "GRE"]
[SourceTitle "CBM 190 Extra"]
[Source "ChessBase"]
[SourceDate "2019.07.15"]
[SourceVersion "1"]
[SourceVersionDate "2019.07.15"]
[SourceQuality "1"]
[WhiteTeam "Iceland II"]
[BlackTeam "Ireland II"]
[WhiteTeamCountry "ISL"]
[BlackTeamCountry "IRL"]

1. d4 Nf6 2. c4 g6 3. Nc3 d5 4. e3 Bg7 5. Nf3 0-0 6. b4 a5 7. b5 dxc4 8. Bxc4 c5 9. bxc6 Nxc6 10. a4 Bg4 11. Ba3 Rc8 12. Nb5 Nd5 13. Qb3 Bxf3 14. gxf3 Ndb4 15. f4 Qd7 16. Rc1 Na6 17. Bd5 Nab4 18. Bg2 Qf5 19. 0-0 Rfd8 20. Rc5 Qd7 21. d5 Nb8 22. Bxb4 axb4 23. Rxc8 Rxc8 24. Qxb4 Na6 25. Qa3 Bf8 26. Qa2 Nc7 27. Nc3 Na6 28. Ne4 Nc5 29. Nxc5 Rxc5 30. Rb1 Ra5 31. Qb3 Rxa4 32. Bh3 Qe8 33. Qxb7 Qa8 34. Bd7 Qxb7 35. Rxb7 Ra1+ 36. Kg2 Rd1 37. Bc6 Rc1 38. e4 Rc4 39. f3 Rc2+ 40. Kg3 h5 41. h3 Rc3 42. h4 Rc2 43. Bd7 Rd2 44. Bc6 Rd4 45. Ra7 Rd2 46. Bd7 Bg7 47. Ra8+ Bf8 48. f5 gxf5 49. Bxf5 Kg7 50. Kf4 Rg2 51. e5 Rg1 52. Rd8 Rd1 53. Kg5 e6 54. Rxf8 Kxf8 55. dxe6 fxe6 56. Bxe6 Ke7 57. Bf5 Rf1 58. f4 Rf2 59. Bg6 Ke6 60. Bxh5 Kd5 61. Bf7+ Ke4 62. e6 1-0

[Event "Douglas IoM Major op"]
[Site "Douglas"]
[Date "2017.10.01"]
[Round "7"]
[White "Murray, Jim G"]
[Black "Sedgwick, David"]
[Result "0-1"]
[WhiteElo "1876"]
[BlackElo "1972"]
[PlyCount "80"]
[EventDate "2017.09.25"]
[EventType "swiss"]
[EventRounds "7"]
[EventCountry "IOM"]
[SourceTitle "CBM 181 Extra"]
[Source "ChessBase"]
[SourceDate "2017.12.12"]
[SourceVersion "1"]
[SourceVersionDate "2017.12.12"]
[SourceQuality "1"]

1. d4 d5 2. Nf3 c5 3. dxc5 Nc6 4. g3 Nf6 5. Bg2 e5 6. 0-0 Bxc5 7. c3 0-0 8. Bg5 Be6 9. e3 h6 10. Bxf6 Qxf6 11. Nbd2 Rad8 12. Qe2 Rfe8 13. Rfe1 Bg4 14. h3 Bh5 15. g4 Bg6 16. Rac1 e4 17. Nd4 Ne5 18. Rf1 Nd3 19. Rb1 Qe5 20. Kh1 Bd6 21. f4 exf3 22. N2xf3 Qxe3 23. Qxe3 Rxe3 24. Kg1 Nf4 25. Rbe1 Rde8 26. Rxe3 Rxe3 27. Nf5 Bxf5 28. gxf5 Re2 29. Rf2 Bc5 30. Nd4 Bxd4 31. cxd4 Rxf2 32. Kxf2 Nxg2 33. Kxg2 Kf8 34. Kf3 Ke7 35. h4 Kf6 36. Kg4 g6 37. Kf4 h5 38. fxg6 fxg6 39. b4 b5 40. a3 a6 0-1

[Event "WchT Seniors 65"]
[Site "Radebeul"]
[Date "2016.06.30"]
[Round "5.3"]
[White "Krieg, Peter"]
[Black "Murray, Jim G"]
[Result "1/2-1/2"]
[WhiteElo "1908"]
[BlackElo "1834"]
[PlyCount "27"]
[EventDate "2016.06.26"]
[EventType "team-swiss"]
[EventRounds "9"]
[EventCountry "GER"]
[SourceTitle "CBM 173 Extra"]
[Source "ChessBase"]
[SourceDate "2016.08.29"]
[SourceVersion "1"]
[SourceVersionDate "2016.08.29"]
[SourceQuality "1"]
[WhiteTeam "Mecklenburg Vorpommern"]
[BlackTeam "Ireland"]
[WhiteTeamCountry "GER"]
[BlackTeamCountry "IRL"]

1. e4 e6 2. g3 d5 3. exd5 exd5 4. Bg2 Nf6 5. d4 c6 6. Ne2 Bf5 7. 0-0 Bd6 8. b3 0-0 9. c4 Be6 10. Qd3 Nbd7 11. Nbc3 Rc8 12. Bf4 Bb4 13. Rad1 Re8 14. Bg5 1/2-1/2

[Event "Guernsey op"]
[Site "Guernsey"]
[Date "2013.10.24"]
[Round "5"]
[White "Murray, Jim G"]
[Black "Goris, Ton"]
[Result "1-0"]
[WhiteElo "1868"]
[BlackElo "2031"]
[PlyCount "51"]
[EventDate "2013.10.20"]
[EventType "swiss"]
[EventRounds "7"]
[EventCountry "GCI"]
[SourceTitle "CBM 157 Extra"]
[Source "ChessBase"]
[SourceDate "2013.12.19"]
[SourceVersion "1"]
[SourceVersionDate "2013.12.19"]
[SourceQuality "1"]

1. e4 e6 2. d4 d5 3. Nc3 Bb4 4. e5 c5 5. a3 Ba5 6. b4 cxd4 7. Nb5 Bc7 8. Nf3 Nc6 9. Bf4 Nge7 10. Nbxd4 Nxd4 11. Qxd4 0-0 12. Qd2 a5 13. Rb1 axb4 14. axb4 Nc6 15. c3 Qe7 16. Bd3 d4 17. 0-0 Rd8 18. cxd4 Bb6 19. Be3 Bd7 20. b5 Na5 21. Qe2 h6 22. Bd2 Rdc8 23. Bb4 Qd8 24. Qe4 f5 25. exf6 Qxf6 26. Qh7+ 1-0

[Event "Guernsey op"]
[Site "Guernsey"]
[Date "2013.10.23"]
[Round "4"]
[White "Campbell, Ian"]
[Black "Murray, Jim G"]
[Result "1/2-1/2"]
[WhiteElo "2004"]
[BlackElo "1868"]
[PlyCount "88"]
[EventDate "2013.10.20"]
[EventType "swiss"]
[EventRounds "7"]
[EventCountry "GCI"]
[SourceTitle "CBM 157 Extra"]
[Source "ChessBase"]
[SourceDate "2013.12.19"]
[SourceVersion "1"]
[SourceVersionDate "2013.12.19"]
[SourceQuality "1"]

1. d4 e6 2. e3 c5 3. Nf3 Nc6 4. c3 Nf6 5. Bd3 d5 6. Nbd2 cxd4 7. exd4 Bd6 8. 0-0 0-0 9. Re1 Qc7 10. Qe2 Ne7 11. Ne5 Ng6 12. Ndf3 Bd7 13. h3 Bc6 14. Ng5 Rae8 15. Bd2 a6 16. a4 Re7 17. b4 Rc8 18. Ngf3 Be8 19. Nxg6 hxg6 20. Ne5 Bxe5 21. dxe5 Nh7 22. Rec1 Rd7 23. f4 Qd8 24. Be3 Qh4 25. Qf2 Qxf2+ 26. Kxf2 Rdc7 27. Bd4 Nf8 28. Ke3 Nd7 29. g4 f5 30. Kd2 Kf7 31. Rab1 Ke7 32. Rg1 Kf8 33. h4 Rb8 34. gxf5 gxf5 35. Rg5 b5 36. a5 Rbb7 37. Rbg1 Nb8 38. h5 Nc6 39. Bc5+ Kg8 40. Bd6 Rd7 41. Ke3 Kh7 42. Be2 Nd8 43. R1g3 Nc6 44. Bd3 Nd8 1/2-1/2

[Event "Lido Adriano op 1st"]
[Site "Ravenna"]
[Date "2011.04.05"]
[Round "4"]
[White "Murray, Jim G"]
[Black "Egan, Colm"]
[Result "0-1"]
[WhiteElo "1856"]
[BlackElo "1996"]
[PlyCount "104"]
[EventDate "2011.04.02"]
[EventType "swiss"]
[EventRounds "9"]
[EventCountry "ITA"]
[SourceTitle "EXT 2023"]
[Source "ChessBase"]
[SourceDate "2022.10.05"]
[SourceVersion "1"]
[SourceVersionDate "2022.10.05"]
[SourceQuality "1"]

1. e4 c5 2. Nf3 e6 3. d4 cxd4 4. Nxd4 Nf6 5. Nc3 Bb4 6. Bd3 Nc6 7. Nxc6 bxc6 8. Bd2 d5 9. e5 Nd7 10. Qg4 Bf8 11. Qg3 a5 12. 0-0 g6 13. Kh1 Bg7 14. f4 0-0 15. Na4 Ba6 16. Bxa6 Rxa6 17. Be3 Qe7 18. Qf2 Rc8 19. Nc5 Nxc5 20. Bxc5 Qb7 21. b3 a4 22. b4 Qb5 23. a3 Qc4 24. Rg1 Rb8 25. Qf1 Qxf1 26. Rgxf1 Bf8 27. Bxf8 Kxf8 28. Rf3 c5 29. c3 cxb4 30. cxb4 Rc6 31. h3 Rc2 32. Rd1 Rbc8 33. Rdd3 Ke7 34. g4 Rb2 35. Rc3 Rxc3 36. Rxc3 Kd7 37. Rc5 Rb3 38. Ra5 Rxh3+ 39. Kg2 Rxa3 40. Ra7+ Kc6 41. Rxf7 d4 42. f5 gxf5 43. gxf5 exf5 44. e6 Re3 45. Rd7 Rxe6 46. Rxd4 Re4 47. b5+ Kxb5 48. Rd5+ Kb4 49. Rxf5 Kb3 50. Rb5+ Rb4 51. Rh5 a3 52. Kf3 a2 0-1